The microeconomics of complex economies : (Record no. 23396)
[ view plain ]
| 000 -LEADER | |
|---|---|
| fixed length control field | 01227cam a22002535a 4500 |
| 001 - CONTROL NUMBER | |
| control field | 18366174 |
| 005 - DATE AND TIME OF LATEST TRANSACTION | |
| control field | 20161130142529.0 |
| 008 - FIXED-LENGTH DATA ELEMENTS--GENERAL INFORMATION | |
| fixed length control field | 141110t2015 enka frb 001 0 eng d |
| 020 ## - INTERNATIONAL STANDARD BOOK NUMBER | |
| International Standard Book Number | 9780124115859 |
| 040 ## - CATALOGING SOURCE | |
| Original cataloging agency | ZZX |
| Transcribing agency | ZZX |
| Modifying agency | BTCTA |
| -- | BDX |
| -- | OCLCF |
| -- | YHM |
| -- | EYM |
| -- | CHVBK |
| -- | DLC |
| -- | EG-ScBUE |
| Language of cataloging | eng |
| 082 04 - DEWEY DECIMAL CLASSIFICATION NUMBER | |
| Classification number | 338.5 |
| Edition number | 22 |
| Item number | ELS |
| 100 1# - MAIN ENTRY--PERSONAL NAME | |
| Personal name | Elsner, Wolfram. |
| 245 14 - TITLE STATEMENT | |
| Title | The microeconomics of complex economies : |
| Remainder of title | evolutionary, institutional, neoclassical, and complexity perspectives / |
| Statement of responsibility, etc | Wolfram Elsner, Torsten Heinrich, Henning Schwardt. |
| 260 ## - PUBLICATION, DISTRIBUTION, ETC. (IMPRINT) | |
| Place of publication, distribution, etc | Oxford : |
| Name of publisher, distributor, etc | Academic Press Elsevier, |
| Date of publication, distribution, etc | c.2015. |
| 300 ## - PHYSICAL DESCRIPTION | |
| Extent | xxxi, 566 p. : |
| Other physical details | ill. , |
| Dimensions | 25 cm. |
| 504 ## - BIBLIOGRAPHY, ETC. NOTE | |
| Bibliography, etc | Includes bibliographical references and index. |
| 505 0# - FORMATTED CONTENTS NOTE | |
| Formatted contents note | Basics of the interdependent economy and its processes -- Markets : general-equilibrium theory and real-world market structures -- Further tools and the analysis of complex economies -- History of thought and contemporary models in complexity economics -- Further applications : information, innovation, policy and methodology. |
| 650 #7 - SUBJECT ADDED ENTRY--TOPICAL TERM | |
| Topical term or geographic name as entry element | Microeconomics. |
| Source of heading or term | BUEsh |
| 9 (RLIN) | 5599 |
| 651 ## - SUBJECT ADDED ENTRY--GEOGRAPHIC NAME | |
| Source of heading or term | BUEsh |
| 653 ## - INDEX TERM--UNCONTROLLED | |
| Resource For college | BAEPS, Business Administration |
| Arrived date list | November2016 |
| 700 1# - ADDED ENTRY--PERSONAL NAME | |
| Personal name | Heinrich, Torsten. |
| 700 1# - ADDED ENTRY--PERSONAL NAME | |
| Personal name | Schwardt, Henning. |
| 942 ## - ADDED ENTRY ELEMENTS (KOHA) | |
| Source of classification or shelving scheme | Dewey Decimal Classification |
| Withdrawn status | Item status | Source of classification or shelving scheme | Damaged status | Not for loan | Vendor | Home library | Current library | Shelving location | Date acquired | Source of acquisition | Cost, normal purchase price | Serial Enumeration / chronology | Total Checkouts | Total Renewals | Full call number | Barcode | Date last seen | Date last borrowed | Cost, replacement price | Koha item type |
|---|---|---|---|---|---|---|---|---|---|---|---|---|---|---|---|---|---|---|---|---|
| Dewey Decimal Classification | Baccah | Central Library | Central Library | First floor | 30/11/2016 | Purchase | 850.00 | 3637 | 2 | 4 | 338.5 ELS | 000040159 | 15/07/2025 | 19/10/2019 | 1063.00 | Book - Borrowing |